00787cam a22002291i 4500001001300000003000400013005001700017008004100034010001700075035002000092040001800112042001200130050003200142110001900174245019200193250001300385260004400398300002500442650005200467700002100519999001700540sa 66005203 DLC20260227112248.0881130s1963 ii 000 0 eng  asa 66005203  a(OCoLC)18817822 aDLCcViUdDLC apremarc00aKNT8662.5.A311958bN37 19631 aKerala (India)14aThe Kerala education act, 1958 (Act 6 of 1959 as amended by act 35 of 1960) with the Kerala education rules, 1959, as amended up to 10th Oct. 1963 and notifications /cby K. K. Narendran. a[2d ed.] aErnakulam :bSouthern Book Co.,c[1963] a154, 81 p. ;c25 cm. 0aEducational law and legislationzIndiazKerala.1 aNarendran, K. K. c69852d69852